|
|
|
|
| LEADER |
00000nam a22000007a 4500 |
| 005 |
20220920013047.0 |
| 007 |
cr|||| |||| |
| 008 |
220920s2022 es |||||s|||| 00||0 spa d |
| 020 |
|
|
|a 978-84-1122-345-4
|
| 035 |
|
|
|a 37095
|
| 040 |
|
|
|a vLex
|
| 090 |
|
|
|c 13968
|d 13968
|
| 100 |
1 |
|
|a Ortiz Herrìz, Julio
|
| 245 |
1 |
0 |
|a Connotaciones psicolg̤icas de la simulacin̤ en el matrimonio cann̤ico
|h [Recurso electrn̤ico] /
|c Julio Ortiz Herrìz
|
| 256 |
|
|
|a Servicio en ln̕ea
|
| 260 |
|
|
|a Madrid:
|b Dykinson,
|c 2022
|
| 300 |
|
|
|a 1 recurso electrn̤ico
|
| 500 |
|
|
|a Para la prueba de la simulacin̤ es necesario que la exclusin̤ se realice por un acto positivo por el que se manifieste claramente la voluntad simulatoria del contrayente, por el que el acto salga a su existencia, por el que en definitiva la voluntad, previo el conocimiento del objeto, se determine positivamente a querer algo: es decir, no basta no querer el matrimonio, sus propiedades o elementos esenciales, sino que es preciso un querer excluirlos, como se suele decir en la jurisprudencia rotal, no se trata de un ‘non velle’ sino de un ‘velle non’. En definitiva, para que el matrimonio sea nulo se requiere no aceptar el matrimonio o la propiedad o el elemento esencial por un acto positivo de voluntad, necesariamente anterior o concomitante a la celebracin̤ del matrimonio, como ha declarado alguna reciente sentencia rotal en el aǫ 2021. No obstante, la mayor dificultad en la prc̀tica ser ̀discernir en el caso concreto si, una vez demostrada la existencia de un acto positivo de voluntad, haca̕ referencia a la exclusin̤ del derecho mismo o simplemente de su ejercicio, para lo cual deber ̀el Tribunal discernir, a la vista de todas las circunstancias cul̀ fue la verdadera intencin̤ del contrayente. Es en este punto en el que ha quedado evidenciado que en ocasiones encontramos algunos casos en los que algn︢ tipo de exclusin̤ y la incapacidad para asumir las obligaciones esenciales del matrimonio pueden estar simultǹeamente presentes en el acto de prestacin̤ del consentimiento matrimonial.
|
| 506 |
1 |
|
|a Disponible solo en los productos indicados
|d vLex Global
|d vLex Global (Academic Edition, excluding Law Schools)
|d vLex Global (U.S. Academic Edition, Law Schools)
|d vLex Global (U.S. Academic Edition, excluding Law Schools)
|d vLex Global (Academic Edition, Law Schools)
|
| 650 |
0 |
4 |
|a Derecho Civil
|z Espaą
|
| 650 |
0 |
4 |
|a Familia y Sucesiones
|z Espaą
|
| 650 |
0 |
4 |
|a Derecho Militar
|z Espaą
|
| 650 |
0 |
4 |
|a Filosofa̕ y religin̤
|z Espaą
|
| 740 |
0 |
|
|a vLex Libros (Servicio en ln̕ea)
|
| 856 |
4 |
0 |
|u https://app.vlex.com/#/sources/37095
|z Acceso restringido
|
| 942 |
|
|
|c BOOK
|
| 999 |
0 |
|
|a Civil Law
|
| 999 |
0 |
|
|a Family and Inheritance
|
| 999 |
0 |
|
|a Military Law
|
| 999 |
0 |
|
|a Philosophy and religion
|